[Event "Ruhrgebiet Verbandsbezirksliga Gr 1"]
[Site "Ruhrgebiet"]
[Date "2018.12.16"]
[Round "4.7"]
[White "Rau, John"]
[Black "Hoeselbarth, Thomas"]
[Result "1-0"]
[WhiteElo "1541"]
[BlackElo "1573"]
[PlyCount "67"]
[EventDate "2018.09.30"]
[EventType "team-tourn"]
[EventRounds "9"]
[EventCountry "GER"]
[SourceTitle "EXT 2022"]
[Source "ChessBase"]
[SourceDate "2021.10.06"]
[SourceVersion "1"]
[SourceVersionDate "2021.10.06"]
[SourceQuality "1"]
[WhiteTeam "Hamm SV II"]
[BlackTeam "Werne SK"]
[WhiteTeamCountry "GER"]
[BlackTeamCountry "GER"]

1. d4 d5 2. Nf3 Nf6 3. c4 e6 4. Nc3 Bb4 5. e3 0-0 6. Bd3 dxc4 7. Bxc4 b6 8. 0-0 Bb7 9. Ne5 Nbd7 10. f4 c5 11. Nxd7 Qxd7 12. dxc5 Qc6 13. Qe2 Bxc5 14. a3 a5 15. Rf3 Rfd8 16. Rg3 Rd6 17. Bd2 Rad8 18. Be1 Ne4 19. Nxe4 Qxe4 20. b4 axb4 21. axb4 Bxe3+ 22. Rxe3 Qc6 23. f5 e5 24. Rxe5 h6 25. Bb5 Qc8 26. Bh4 f6 27. Re8+ Rxe8 28. Qxe8+ Qxe8 29. Bxe8 Rd4 30. Be1 Re4 31. Bh5 Kf8 32. b5 Re5 33. Bb4+ Kg8 34. Re1 1-0

[Event "Ruhrgebiet Bezirksliga 17/18"]
[Site "Ruhrgebiet"]
[Date "2018.04.08"]
[Round "9.6"]
[White "Kreutzberg, Steffen"]
[Black "Hoeselbarth, Thomas"]
[Result "0-1"]
[WhiteElo "1571"]
[BlackElo "1562"]
[PlyCount "90"]
[EventDate "2017.09.03"]
[EventType "team-tourn"]
[EventRounds "9"]
[EventCountry "GER"]
[SourceTitle "EXT 2022"]
[Source "ChessBase"]
[SourceDate "2021.10.06"]
[SourceVersion "1"]
[SourceVersionDate "2021.10.06"]
[SourceQuality "1"]
[WhiteTeam "Kamen SV III"]
[BlackTeam "Werne SK"]
[WhiteTeamCountry "GER"]
[BlackTeamCountry "GER"]

1. e4 e5 2. Nf3 Nc6 3. Bc4 Bc5 4. 0-0 Nf6 5. Nxe5 Nxe5 6. d4 Nxc4 7. dxc5 d6 8. b3 Ne5 9. Bb2 0-0 10. f4 Nc6 11. cxd6 Nxe4 12. dxc7 Qxc7 13. Qf3 Re8 14. Be5 Nd6 15. Bb2 Bf5 16. Qc3 f6 17. Nd2 Ne4 18. Nxe4 Rxe4 19. Qg3 Qf7 20. Rad1 Rae8 21. c4 Qg6 22. Qxg6 Bxg6 23. h3 Re2 24. Rf2 Rxf2 25. Kxf2 Rd8 26. Rxd8+ Nxd8 27. Ke3 Bb1 28. b4 Bxa2 29. c5 Bd5 30. g3 Ne6 31. Bc3 Kf7 32. h4 Bc6 33. g4 Nc7 34. Bd2 Nd5+ 35. Kd4 Nc7 36. g5 Ne6+ 37. Kc4 f5 38. Kd3 Bd5 39. Ke3 Ke7 40. Bc3 g6 41. Be5 a6 42. Kd3 Kd7 43. Kc3 Kc6 44. Kd3 Kb5 45. Kc3 Nd8 0-1

[Event "Ruhrgebiet Bezirksliga 17/18"]
[Site "Ruhrgebiet"]
[Date "2017.09.17"]
[Round "2.6"]
[White "Hoeselbarth, Thomas"]
[Black "Roennpagel, Manfred"]
[Result "1/2-1/2"]
[WhiteElo "1562"]
[BlackElo "1746"]
[PlyCount "38"]
[EventDate "2017.09.03"]
[EventType "team-tourn"]
[EventRounds "9"]
[EventCountry "GER"]
[SourceTitle "EXT 2022"]
[Source "ChessBase"]
[SourceDate "2021.10.06"]
[SourceVersion "1"]
[SourceVersionDate "2021.10.06"]
[SourceQuality "1"]
[WhiteTeam "Werne SK"]
[BlackTeam "Kamen SV IV"]
[WhiteTeamCountry "GER"]
[BlackTeamCountry "GER"]

1. d4 Nf6 2. Nf3 e6 3. g3 b6 4. Bg2 Bb7 5. 0-0 Be7 6. c4 0-0 7. Nc3 d5 8. b3 Nbd7 9. Qc2 Rc8 10. Bb2 c5 11. dxc5 dxc4 12. cxb6 Nxb6 13. Rfd1 Qc7 14. Rac1 Rfd8 15. Nb5 Rxd1+ 16. Qxd1 Qd7 17. Qxd7 Nfxd7 18. Nd2 Bxg2 19. Kxg2 a6 1/2-1/2

[Event "Ruhrgebiet Bezirksliga 16/17"]
[Site "Ruhrgebiet"]
[Date "2017.04.23"]
[Round "11.7"]
[White "Breuker, Detlef"]
[Black "Hoeselbarth, Thomas"]
[Result "1/2-1/2"]
[WhiteElo "1672"]
[BlackElo "1525"]
[PlyCount "30"]
[EventDate "2016.08.28"]
[EventType "team-tourn"]
[EventRounds "11"]
[EventCountry "GER"]
[SourceTitle "EXT 2022"]
[Source "ChessBase"]
[SourceDate "2021.10.06"]
[SourceVersion "1"]
[SourceVersionDate "2021.10.06"]
[SourceQuality "1"]
[WhiteTeam "Luenen Horstmar SC"]
[BlackTeam "Werne SK"]
[WhiteTeamCountry "GER"]
[BlackTeamCountry "GER"]

1. e4 e5 2. Bc4 Bc5 3. Nf3 Nc6 4. d3 Nf6 5. 0-0 d6 6. Bg5 h6 7. Bd2 Bg4 8. c3 0-0 9. h3 Bh5 10. b4 Bb6 11. a4 a6 12. Qe2 Re8 13. Be3 Ba7 14. Bxa7 Rxa7 15. g4 Bg6 1/2-1/2

[Event "Ruhrgebiet Bezirksliga 16/17"]
[Site "Ruhrgebiet"]
[Date "2017.04.02"]
[Round "10.6"]
[White "Hering, Christian"]
[Black "Hoeselbarth, Thomas"]
[Result "1/2-1/2"]
[WhiteElo "1548"]
[BlackElo "1525"]
[PlyCount "73"]
[EventDate "2016.08.28"]
[EventType "team-tourn"]
[EventRounds "11"]
[EventCountry "GER"]
[SourceTitle "EXT 2022"]
[Source "ChessBase"]
[SourceDate "2021.10.06"]
[SourceVersion "1"]
[SourceVersionDate "2021.10.06"]
[SourceQuality "1"]
[WhiteTeam "Werl SC 1981"]
[BlackTeam "Werne SK"]
[WhiteTeamCountry "GER"]
[BlackTeamCountry "GER"]

1. d4 d5 2. Nf3 Nf6 3. c4 e6 4. Bg5 Be7 5. e3 0-0 6. Qc2 Nbd7 7. cxd5 exd5 8. Bd3 h6 9. Bxf6 Nxf6 10. 0-0 Bg4 11. Nbd2 Rc8 12. h3 Be6 13. Nb3 Nd7 14. Nc5 Nxc5 15. dxc5 c6 16. b4 a5 17. a3 b6 18. Nd4 axb4 19. axb4 bxc5 20. bxc5 Qc7 21. Ra6 Bd7 22. Rfa1 Rb8 23. Bf5 Rfc8 24. Bxd7 Qxd7 25. Ra7 Rb7 26. Ra8 Rbc7 27. R1a6 Qd8 28. R8a7 Rxa7 29. Rxa7 Rc7 30. Ra6 Qd7 31. Rb6 g6 32. Qc3 Bf6 33. Qb3 Bxd4 34. exd4 Kg7 35. Qe3 Rb7 36. Rxb7 Qxb7 37. g4 1/2-1/2